• 首页
  • 本馆介绍
  • 公告通知
  • 最新文献
  • 馆藏检索
  • 电子资源
  • 读者导购
  • 参考咨询
  • 我的图书馆
  • 登录
  • 详细信息显示
  • 放入我的书架
  • 预约/预借图书
  • 作者相关作品
  • 分类相关作品
  • 丛书相关作品
  • 出版社相关作品

书目信息

  • 表格格式
  • 工作单格式
  • 卡片格式
题名:
有机化学实验
    
 
作者: Adams , Н·Г·普力扬西尼可夫 著 ;庞礼 译
分册:  
出版信息: 北京   商务印书馆  1956
页数: 228页
开本: 21cm
丛书名:
单 册:
中图分类: O62-33
科图分类:
主题词: 有机化学
电子资源:
ISBN:
000 00746nam0 2200253 450
001 0631264625
005 20060816145425.21
010    @dCNY0.90
091    @a13017.30
100    @a20060801d1956 km y0chiy0120 ea
101 0  @achi@crus
102    @aCN@b110000
102    @aCN@b110000
200 1  @a有机化学实验@Ayou ji hua xue shi yan@fН·Г·普力扬西尼可夫著@FН·Г·pu li yang xi ni ke fu zhu@g庞礼等译@Gpang li deng yi
205    @a3版
210    @a北京@c商务印书馆@d1956
215    @a228页@d21cm
606 0  @a有机化学
690    @aO62-33@v3
701  0 @aAdams@4著
701  0 @aН·Г·普力扬西尼可夫@AН·Г·pu li yang xi ni ke fu@4著
702  0 @a庞礼@Apang li@4译
801  0 @aCN@bPFT@c20060816
905    @a10447@dO62-33@e130=3
    
    有机化学实验/Н·Г·普力扬西尼可夫著/庞礼等译.-3版.-北京:商务印书馆,1956
    228页;21cm
    
    
    ISBN :CNY0.90
    
●
相关链接 在E读中查询图书 在五车中查询图书 在当当中查询图书 在豆瓣中查询图书


正题名:有机化学实验     索取号:O62-33/130=3         预约/预借

序号 登录号 条形码 馆藏地/架位号 状态 备注
1 0461915   204619154   密集书库/ [索取号:O62-33/130=3] 在馆    
唐山师范学院图书馆 欢迎您!
大连网信软件有限公司© 版权所有